| Tag |
First Indicator |
Second Indicator |
Subfields |
| LEADER |
00000ces a2200000Ii 4500 |
| 001 |
in00002579708 |
| 005 |
20220106085322.0 |
| 006 |
m o d f |
| 006 |
shr f0 0 |
| 007 |
aj cznzn |
| 007 |
cr cn| |
| 008 |
100603c20109999vauab bh c fo 1 eng d |
| 034 |
1 |
|
|a a
|b 24000
|d W1053730
|e W1053000
|f N0311500
|g N0310730
|
| 035 |
|
|
|a (OCoLC)ocn636611585
|
| 040 |
|
|
|a GPO
|b eng
|e rda
|e pn
|c GPO
|d GPO
|d OCLCQ
|d OCLCF
|d OCLCO
|d P4I
|d GPO
|d MvI
|d UtOrBLW
|
| 043 |
|
|
|a n-us-tx
|
| 049 |
|
|
|a WWW
|
| 052 |
|
|
|a 4033
|b H9
|
| 074 |
|
|
|a 0619-M-43 (online)
|
| 086 |
0 |
|
|a I 19.81:31105-B 5-TF-024/
|
| 110 |
2 |
|
|a Geological Survey (U.S.),
|e cartographer.
|
| 245 |
1 |
0 |
|a Silver King Canyon quadrangle, Texas :
|b 7.5-minute series /
|c produced by the United State Geological Survey.
|
| 246 |
1 |
|
|i Filing title:
|a Silver King Canyon, TX
|
| 255 |
|
|
|a Scale 1:24,000 ;
|b universal transverse Mercator projection
|c (W 105°37ʹ30ʺ--W 105°30ʹ00ʺ/N 31°15ʹ00ʺ--N 31°07ʹ30ʺ).
|
| 264 |
|
1 |
|a [Reston, Va.] :
|b U.S. Department of the Interior, U.S. Geological Survey,
|c 2010-
|
| 300 |
|
|
|a 1 online resource (maps) :
|b color
|
| 310 |
|
|
|a Triennial
|
| 336 |
|
|
|a cartographic image
|b cri
|2 rdacontent
|
| 337 |
|
|
|a computer
|b c
|2 rdamedia
|
| 338 |
|
|
|a online resource
|b cr
|2 rdacarrier
|
| 362 |
1 |
|
|a Began with 2010.
|
| 500 |
|
|
|a Relief shown by shading, contours, and spot heights.
|
| 500 |
|
|
|a "Contour interval 20 feet."
|
| 500 |
|
|
|a Includes location map and index to adjoining quadrangles.
|
| 500 |
|
|
|a Title from PDF title screen (viewed on June 3, 2010).
|
| 588 |
|
|
|a Description based on: 2010; title from title screen (viewed Apr. 3, 2014).
|
| 588 |
|
|
|a Latest issue consulted: 2013.
|
| 651 |
|
0 |
|a Hudspeth County (Tex.)
|v Maps.
|
| 651 |
|
7 |
|a Texas.
|2 fast
|0 (OCoLC)fst01210336
|
| 655 |
|
7 |
|a Maps.
|2 fast
|0 (OCoLC)fst01423704
|
| 655 |
|
7 |
|a Topographic maps.
|2 lcgft
|
| 856 |
4 |
0 |
|u https://purl.fdlp.gov/GPO/LPS122711
|z Use place name Silver King Canyon to search for this quadrangle
|t 0
|
| 856 |
4 |
0 |
|u https://purl.fdlp.gov/GPO/LPS122711
|t 0
|
| 999 |
|
|
|a MARS
|
| 999 |
f |
f |
|s 678d1c1e-7878-370c-b2d0-34ddc5c06e9e
|i 84a94405-c16b-3637-99d3-24938eb8a23e
|t 0
|
| 952 |
f |
f |
|a Texas A&M University
|b College Station
|c Electronic Resources
|d Available Online
|t 0
|e I 19.81:31105-B 5-TF-024/2010
|h Superintendent of Documents classification
|
| 998 |
f |
f |
|a I 19.81:31105-B 5-TF-024/2010
|t 0
|l Available Online
|